000 01956nam a2200481 c 4500
999 _c51379
_d51379
001 51379
003 ES-MaCES
005 20191115114533.0
007 cr |||||||||||
008 191115s2019 lu ry m000 | eng d
020 _a9789289719612
020 _a9789289719629 (pdf)
040 _aES-MaCES
_bspa
_cES-MaCES
245 1 0 _aAnnual review of working life 2018
_hRecurso electrónico
_b: [EurWORK annual review 2018]
_c[Christine Aumayr-Pintar, Catherine Cerf and Barbara Surdykowska] ; Eurofound, European Foundation for the Improvement of Living and Working Conditions
260 _aLuxembourg
_bPublications Office of the European Union
_c2019
300 _a1 documento pdf
_bgráf. col.
_c(2,44 mb)
500 _aAnteriormente bajo el tít: Developments in working life in Europe, EurWORK annual review 2015
500 _aSutít. tomado de verso de la port.
504 _aBibliografía: p. 53-54
541 _cGratuito
650 4 _amercado de trabajo
_928292
650 4 _aempleo
_928299
650 4 _acondiciones de trabajo
_928327
650 4 _acondiciones de empleo
_930040
650 4 _arelaciones laborales
_928369
650 4 _anegociación colectiva
_928362
650 4 _aconcertación social
_930664
650 4 _apolítica laboral
_928290
650 4 _aEuropa
_926940
650 4 _aUE
_926752
650 4 _apaís de la UE
_929020
650 4 _a2018
_939065
650 4 _aanuario
_928963
653 1 0 _aRelaciones laborales-Empleo
700 1 _935634
_aAumayr-Pintar, Christine
700 1 _939659
_aCerf , Catherine
700 1 _939660
_aSurdykowska, Barbara
710 2 _93819
_aFundación Europea para la Mejora de las Condiciones de Vida y de Trabajo
787 _tDevelopments in working life in Europe, EurWORK annual review 2015
_w(ES-MaCES)48821
856 4 _uhttp://biblioteca.ces.es/repintra/B51379.pdf
_ytexto completo
_z[intranet]
902 _aELE PUB. ELECTRONICA
942 _2CES
_cBK
_h2.0.